| 000 | 00826nam a2200277 i 4500 | ||
|---|---|---|---|
| 001 | C2-0292876 | ||
| 003 | PPAK | ||
| 005 | 20180728024843.0 | ||
| 008 | 090113s2007 my a|||| ||||| | may d | ||
| 020 | _a9833603262 | ||
| 040 |
_aPPAK _beng _cPPAK _erda |
||
| 082 | 0 | 4 |
_a658.409 _223 |
| 090 | 0 | 0 |
_a658.409 _bAHM _dG |
| 100 | 0 |
_aAhmad Fadzli Yusof, _eauthor |
|
| 245 | 1 | 0 | _aResipi kejayaan untuk pengarah program |
| 264 | 1 |
_aKuala Lumpur : _bPTS Publications , _c2007 |
|
| 300 |
_a198 pages : _billustrations ; _c19 cm |
||
| 336 |
_2rdacontent _atext |
||
| 337 |
_2rdamedia _aunmediated |
||
| 338 |
_2rdacarrier _avolume |
||
| 490 | 1 |
_aSiri resepi kejayaan520 \\ _avolume |
|
| 650 | 1 | 0 | _aExecutive ability. ; Personnel management. ; Achivement. |
| 700 | _eauthor | ||
| 830 | 0 | _aSiri resepi kejayaan | |
| 942 |
_ddc _cB |
||
| 999 |
_c97708 _d97708 |
||